Principios de economía política / (Registro nro. 9256)
[ vista simple ]
| 000 -CABECERA | |
|---|---|
| campo de control de longitud fija | 00761nam a2200265 i 4500 |
| 001 - NÚMERO DE CONTROL | |
| campo de control | 000009496 |
| 003 - IDENTIFICADOR DEL NÚMERO DE CONTROL | |
| campo de control | DO-SdBNP |
| 005 - FECHA Y HORA DE LA ÚLTIMA TRANSACCIÓN | |
| campo de control | 20251127094244.0 |
| 007 - CAMPO FIJO DE DESCRIPCIÓN FÍSICA--INFORMACIÓN GENERAL | |
| campo de control de longitud fija | ta |
| 008 - DATOS DE LONGITUD FIJA--INFORMACIÓN GENERAL | |
| campo de control de longitud fija | 090930s1981 dr a r 001 0 spa d |
| 040 ## - FUENTE DE LA CATALOGACIÓN | |
| Centro catalogador/agencia de origen | DO-SdBNP |
| Lengua de catalogación | spa |
| Centro/agencia transcriptor | BNPHU |
| Normas de descripción | rda |
| 041 ## - CÓDIGO DE LENGUA | |
| Código de lengua del texto/banda sonora o título independiente | spa |
| 082 #4 - NÚMERO DE LA CLASIFICACIÓN DECIMAL DEWEY | |
| Número de clasificación | xxx |
| Número de documento/Ítem | C334e |
| Número de edición | 22 |
| 100 1# - ENTRADA PRINCIPAL--NOMBRE DE PERSONA | |
| Nombre de persona | Casado, Lucio |
| Término indicativo de función/relación | autor |
| 9 (RLIN) | 6670 |
| 245 10 - MENCIÓN DE TÍTULO | |
| Título | Principios de economía política / |
| Mención de responsabilidad, etc. | Lucio Casado. |
| 250 ## - MENCIÓN DE EDICIÓN | |
| Mención de edición | Séptima edición |
| 264 ## - PRODUCCIÓN, PUBLICACIÓN, DISTRIBUCIÓN, FABRICACIÓN Y COPYRIGHT | |
| Producción, publicación, distribución, fabricación y copyright | Santo Domingo : |
| Nombre del de productor, editor, distribuidor, fabricante | Colegial Quisqueyana, |
| Fecha de producción, publicación, distribución, fabricación o copyright | 1981. |
| 300 ## - DESCRIPCIÓN FÍSICA | |
| Extensión | 228 páginas : |
| Otras características físicas | ilustraciones ; |
| Dimensiones | 23 cm. |
| 336 ## - TIPO DE CONTENIDO | |
| Término de tipo de contenido | rdacontent |
| Código de tipo de contenido | texto |
| Fuente | txt |
| 337 ## - TIPO DE MEDIO | |
| Nombre/término del tipo de medio | rdamedia |
| Código del tipo de medio | sin mediación |
| Fuente | n |
| 338 ## - TIPO DE SOPORTE | |
| Nombre/término del tipo de soporte | rdacarrier |
| Código del tipo de soporte | volumen |
| Fuente | nc |
| 590 ## - NOTA LOCAL (RLIN) | |
| Nota local | Inventariado, 2020/BT |
| 910 ## - DATOS DE OPCIÓN DEL USUARIO (OCLC) | |
| Datos de opción del usuario | BTavárez |
| 942 ## - ELEMENTOS DE PUNTO DE ACCESO ADICIONAL (KOHA) | |
| Fuente del sistema de clasificación o colocación | Dewey Decimal Classification |
| Tipo de ítem Koha | Libro |
| Estado de retiro | Estado de pérdida | Fuente del sistema de clasificación o colocación | Restricciones de uso | No para préstamo | Código de colección | Localización permanente | Ubicación/localización actual | Ubicación en estantería | Fecha de adquisición | Total de préstamos | Signatura topográfica completa | Código de barras | Fecha visto por última vez | Precio válido a partir de | Tipo de ítem Koha | Fuente de adquisición | Número de copia |
|---|---|---|---|---|---|---|---|---|---|---|---|---|---|---|---|---|---|
| Dewey Decimal Classification | Excluido de préstamo | Patrimonio Dominicano | Biblioteca Nacional Pedro Henríquez Ureña | Biblioteca Nacional Pedro Henríquez Ureña | Depósito | 30.09.2009 | BNPHU PD C334e, 1981 | 9496-10 | 25.06.2020 | 25.06.2020 | Libro | ||||||
| Extraviado | Dewey Decimal Classification | Excluido de préstamo | Patrimonio Dominicano | Biblioteca Nacional Pedro Henríquez Ureña | Biblioteca Nacional Pedro Henríquez Ureña | Extraviado | 08.10.2018 | BNPHU PD C334e | 9496-20 | 25.06.2020 | 25.06.2020 | Libro | Donado / Greisis Rodríguez | e.2 |
